| 000 | 00472cam a22001812 4500 | ||
|---|---|---|---|
| 001 | 0000000503 | ||
| 005 | 20151217155802.0 | ||
| 008 | 070206s xx 000 0 eng d | ||
| 040 |
_aKABU _cKABU |
||
| 050 | 0 |
_aDT433.245 _b.G57L3 |
|
| 100 | 1 |
_aLa Fontaine, J. S. _@0000148712 |
|
| 245 | 1 | 4 | _aThe Gisu of Uganda. |
| 260 |
_aLondon : _bIAI, _c1959. |
||
| 300 | _a68 p. | ||
| 908 | _a070206 | ||
| 950 | _@1 | ||
| 999 |
_c12365 _d12365 |
||